| 000 | 00560nam a2200193 u 4500 | ||
|---|---|---|---|
| 005 | 20210223131223.0 | ||
| 008 | 100215s2004 cl r 000 0 spa d | ||
| 020 | _a9993456039 | ||
| 035 | _aUPN01000174743 | ||
| 049 | _aI | ||
| 050 | 4 |
_aPZ78 _bT6.5 |
|
| 100 | 1 |
_aToral, Juan Carlos, _d1966- _930309 |
|
| 245 | 1 | 3 |
_aUn laberinto en el armario / _cJuan Carlos Toral ; il. Kilia Llano. |
| 260 |
_aBogotá : _bNorma, _b2006. |
||
| 300 |
_a107 p. : _bil. |
||
| 440 | 0 |
_aTorre de papel. _pAzul |
|
| 650 | 4 |
_aCUENTOS INFANTILES DOMINICANOS _910895 |
|
| 905 | _aLibro | ||
| 999 |
_c146847 _d146847 |
||